000 00520nam a2200205Ia 4500
003 OSt
005 20250307093225.0
008 210210b1971 xxu||||| |||| 00| 0 eng d
040 _cAL
041 _ahin
082 _aH891.3 HIRK
100 _aHIRANMAYI:
_9204697
110 _aहिरणमयी
_9204699
245 _aKahani kaumudi;
_bकहानी कौमुदी
260 _aAgra
_bRanjan Prakashan
_c1971
300 _a113
690 _aHindi Fiction
_9204698
906 _a030832
942 _2ddc
_cBK
999 _c81919
_d81919